000 00838nam a2200277Ia 4500
001 Z_639
003 CHAP
008 220113s1978 xx 000 0 und d
010 _a163750
040 _cCHAP
090 _aTesis S 504
100 _aSalcedo Baca, Rames
_9101494
245 _aInteracción toro por nivel de producción y prueba de progenie de toros Holstein para producción de leche /
_cpor Rames Salcedo Baca
260 _aChapingo. Méx. :
_bEl autor,
_c1978
300 _a105 h.
502 _aTesis (Ing. Agrónomo Esp. en Zootecnia) -- UACH. Departamento de Zootecnia
650 _aGanado Holstein
_xMorelos
_945139
650 _aGanado Holstein
_xPuebla
_945143
650 _aLeche
_xProducción
_965400
901 _aTESIS S 504
902 _aM
910 _a1978
942 _c2
942 _c2
999 _c163750
_d163750